000 00411nam a2200157 i 4500
001 bg
100 1 _aSUKAZOV, E. A.
245 0 _aMagnitnye materialy :
_bucebnoe posobie /
_cE.A. Sukazov, F.A. Bogacev, A.D. Nacinkow.
260 _aLeningrad,
_c1974.
700 1 _aBOGACEV, F. A.
700 1 _aNACINKOW, A. D.
040 _cBPK
041 _apol
942 _cKS
008 s pl f |000 0 pol
999 _c16007
_d16007
856 _uhttp://koha.tu.koszalin.pl/cgi-bin/koha/opac-detail.pl?biblionumber=16007
_yKatalog online BPK